|
|
|
|
| LEADER |
00000nab a2200000uu 4500 |
| 001 |
vtls011507325 |
| 003 |
SK-MaSNL |
| 005 |
20260304030016.0 |
| 008 |
250310|1974 xo |||||||||||||||||slo| |
| 015 |
|
|
|a SNBRB
|
| 035 |
|
|
|a (urnnbn)urn:nbn:sk:snk:ar-a0axfo
|
| 035 |
|
|
|a (uuid)f5eec123-e2a6-4e9e-bfe5-f3c4d7bceed4
|
| 035 |
|
|
|a urn:nbn:sk:snk-abe0av
|
| 040 |
|
|
|a SNKBUCL
|b slo
|c SNKBUCL
|e AACR2
|
| 041 |
0 |
|
|a slo
|
| 044 |
|
|
|a xo
|c SK
|
| 100 |
1 |
|
|a Hvížďala, Karel,
|d 1941-
|4 ivr
|9 226388
|
| 245 |
1 |
0 |
|a Vojtěch Zamarovský
|c Karel Hvížďala, Vojtěch Zamarovský
|
| 600 |
1 |
7 |
|a Zamarovský, Vojtech,
|d 1919-2006
|2 SNKMA
|9 99371
|
| 655 |
|
7 |
|a rozhovory
|2 SNKPH
|9 31831
|
| 700 |
1 |
|
|a Zamarovský, Vojtech,
|d 1919-2006
|4 ive
|9 99371
|
| 773 |
0 |
|
|t Zlatý máj : kritická revue tvorby pro mládež
|g Roč. 18, č. 7 (1974), s. 463-466
|
| 958 |
|
|
|a OND
|
| 958 |
|
|
|a article20
|
| 999 |
|
|
|c 2631165
|d 2633095
|